00311nam a22001217a 4500003000500000020002100005038001100026082002200037100003600059245003800095260004500133300001100178NUST a9694480558qH/B. awaseem a339.46095491bPOV aEdited by Mohibul Haq Sahibzada aPoverty Alleviation in Pakistan / aLahore :bShirkat Printing press,c1997. a392 p.